| 000 | 01420nam a2200301 a 4500 | ||
|---|---|---|---|
| 001 | 000005571 | ||
| 005 | 20200929151721.0 | ||
| 008 | 090820s1988 es 001 0 spa d | ||
| 020 | _a8400064747 | ||
| 040 |
_aDO-SdBNP _bspa _cBNPHU |
||
| 041 | 1 | 7 |
_acop _hspa |
| 082 |
_a220.49 _bB582e |
||
| 130 | 0 |
_aBiblia. _pA.T. _pMarcos _lCopto _sBiblioteca Pierpont Morgan _kManuscrito _nM569 _f1988 _915747 |
|
| 245 | 1 | 3 |
_aEl evangelio de San Marcos en copto sahídico : _b(texto de M 569 y aparato crítico) / _cGonzalo Aranda Pérez. |
| 260 |
_aMadrid, : _bConsejo Superior de Investigaciones Científicas, _c1988. |
||
| 300 |
_a150 p. ; _c24 cm. |
||
| 490 | 1 |
_aTextos y Estudios "Cardenal Cisneros" de la Biblia Políglota Matritense _v45 |
|
| 500 | _aIntroducción y notas en español, con texto en copto, con caracteres sahídicos. | ||
| 504 | _aBibliografía y notas al pie de páginas. | ||
| 546 | _aCopto, Español | ||
| 630 | 0 | 4 |
_aBIBLIA-N.T.-SAN MARCOS-CRÍTICA TEXTUAL _915748 |
| 650 | 4 |
_aManuscritos coptos (papiro) _915749 |
|
| 710 | 2 |
_aConsejo Superior de Investigaciones Científicas (España). _bInstituto de Filología Bíblica del CSIC. _bDepartamento de Filología Bíblica y de Oriente Antiguo _915278 |
|
| 700 | 1 |
_aAranda Pérez, Gonzalo _915750 |
|
| 830 | 0 |
_aTextos y Estudios "Cardenal Cisneros" de la Biblia Políglota Matritense _v45 _915280 |
|
| 910 | _aValidado. Control de calidad EMS | ||
| 049 | _aBNPD | ||
| 999 |
_c5370 _d5370 |
||